Synthesis and effects of anti-blooming agents (Record no. 70137)

MARC details
000 -LEADER
fixed length control field 00447nam a2200145Ia 4500
100 ## - MAIN ENTRY--AUTHOR NAME
Personal name Kim G N
245 #0 - TITLE STATEMENT
Title Synthesis and effects of anti-blooming agents
260 ## - PUBLICATION, DISTRIBUTION, ETC. (IMPRINT)
Name of publisher Proceedings of International Conference on Rubber Technology, Kuala Lumpur, 1993
Year of publication 1993
500 ## - GENERAL NOTE
General note Source Year: 1994
650 ## - SUBJECT ADDED ENTRY--TOPICAL TERM
Topical Term Anti-blooming agents
650 ## - SUBJECT ADDED ENTRY--TOPICAL TERM
Topical Term Natural rubber
856 ## - ELECTRONIC LOCATION AND ACCESS
Uniform Resource Identifier irrdb
942 ## - ADDED ENTRY ELEMENTS (KOHA)
Koha item type Journals
Holdings
Withdrawn status Lost status Damaged status Not for loan Home library Current library Shelving location Date acquired Koha item type
      Journals RRII Library RRII Library Rubber chemistry 17/12/2021 Journals